| 000 | 00788nam a22001937a 4500 | ||
|---|---|---|---|
| 005 | 20231206154741.0 | ||
| 010 | _aHIN-126469 | ||
| 020 |
_a9788185255736 _c395.00 |
||
| 035 | _aHN-98815 | ||
| 037 | _bDBAD/PUB | ||
| 082 |
_a553.7 _2 |
||
| 100 |
_aजिया लाल हन्डू _959611 |
||
| 245 |
_aजल -कल आज और कल/ _cजिया लाल हन्डू |
||
| 250 | _aप्रथम | ||
| 260 |
_aचंडीगढ़ _bअभिषेक पब्लिकेशन्ज _c2016 |
||
| 270 |
_aएस.सी.ओ.57 -59 सेक्टर 17 सी _bचंडीगढ़ _e160017 |
||
| 300 |
_a161 पृष्ठ; _c23 सेमी (सजिल्द) |
||
| 942 |
_cHN _h553.7 _2ddc _mजिया लाल हन्डू |
||
| 999 |
_c199510 _d199510 |
||